| 000 | 00638cam a2200265ua 4500 | ||
|---|---|---|---|
| 041 |
_amal _h |
||
| 082 |
_a635 _bCHO/PA |
||
| 100 | _aChoudhary, . | ||
| 245 |
_aPachakkari vilakal / _cChoudharay. _hTextual Documents |
||
| 250 |
_a1 / _b. |
||
| 260 |
_aThiruvananthapuram : _bState Instititute of Languages , _c1975. |
||
| 300 | _a218 ; . | ||
| 504 | _a | ||
| 942 | _cBK | ||
| 999 |
_c6213 _d6213 |
||